Šestiznačnyje matematičeskije tablicy Čembersa /
Saved in:
| Main Author: | |
|---|---|
| Other Authors: | |
| Format: | Book |
| Language: | Russian |
| Published: |
Moskva :
Nauka,
1964
|
| Subjects: | |
| Tags: |
No Tags, Be the first to tag this record!
|
MARC
| LEADER | 00000nam a22000003a 4500 | ||
|---|---|---|---|
| 001 | stu35201 | ||
| 005 | 20150617225730.8 | ||
| 008 | 920410s1964----xxr-----------------rus-d | ||
| 040 | |a STU |b slo | ||
| 041 | 0 | |a rus | |
| 044 | |a xxr | ||
| 080 | |a 51(083.5) | ||
| 100 | 1 | |a Comrie, L.J |4 aut | |
| 245 | 1 | |a Šestiznačnyje matematičeskije tablicy Čembersa / |c [aut.]L.J. Comrie; Z angl. O.P. Kramer | |
| 260 | |a Moskva : |b Nauka, |c 1964 | ||
| 300 | |a 572 s | ||
| 650 | 7 | |a matematika |2 stusub | |
| 650 | 7 | |a tabuľky |2 stusub | |
| 700 | 1 | |a Kramer, O.P |4 trl | |
| 996 | |b 284M015957 |c M*4852-1 |l MMKN |s A |a 24 |w stu35201_0001 | ||